Legislating for justice : the making of the 2013 land acquisition law (Record no. 444419)
[ view plain ]
| 000 -LEADER | |
|---|---|
| fixed length control field | 00497cam a22001457a 4500 |
| 008 - FIXED-LENGTH DATA ELEMENTS--GENERAL INFORMATION | |
| fixed length control field | 180718b2015 xxu||||| |||| 00| 0 eng d |
| 020 ## - INTERNATIONAL STANDARD BOOK NUMBER | |
| International Standard Book Number | 0199458995 |
| 082 ## - DEWEY DECIMAL CLASSIFICATION NUMBER | |
| Classification number | Y1303x54 R145 |
| 100 ## - MAIN ENTRY--PERSONAL NAME | |
| Personal name | Ramesh, Jairam and Khan, Mohammad Ali |
| 245 ## - TITLE STATEMENT | |
| Title | Legislating for justice : the making of the 2013 land acquisition law |
| Statement of responsibility, etc. | by Jairam Ramesh and Muhammad Ali Khan |
| 260 ## - PUBLICATION, DISTRIBUTION, ETC. | |
| Place of publication, distribution, etc. | New Delhi |
| Name of publisher, distributor, etc. | Oxford |
| Date of publication, distribution, etc. | 2015 |
| 300 ## - PHYSICAL DESCRIPTION | |
| Extent | 254p. |
| 650 ## - SUBJECT ADDED ENTRY--TOPICAL TERM | |
| Topical term or geographic name entry element | Eminent domain -- India |
| 650 ## - SUBJECT ADDED ENTRY--TOPICAL TERM | |
| Topical term or geographic name entry element | India. Land Acquisition Act 2013 |
| Withdrawn status | Lost status | Damaged status | Not for loan | Permanent Location | Current Location | Date acquired | Full call number | Barcode | Date last seen | Price effective from | Koha item type |
|---|---|---|---|---|---|---|---|---|---|---|---|
| Indian Institute of Public Administration | Indian Institute of Public Administration | 2015-05-13 | Y1303x54 R145 | 86112 | 2018-07-21 | 2018-07-21 | Book | ||||
| Indian Institute of Public Administration | Indian Institute of Public Administration | 2015-05-13 | Y1303x54 R145 | 86111 | 2018-07-21 | 2018-07-21 | Book | ||||
| Indian Institute of Public Administration | Indian Institute of Public Administration | 2015-05-13 | Y1303x54 R145 | 86110 | 2018-07-21 | 2018-07-21 | Book | ||||
| Indian Institute of Public Administration | Indian Institute of Public Administration | 2015-05-13 | Y1303x54 R145 | 86109 | 2018-07-21 | 2018-07-21 | Book | ||||
| Indian Institute of Public Administration | Indian Institute of Public Administration | 2015-05-13 | Y1303x54 R145 | 86108 | 2018-07-21 | 2018-07-21 | Book | ||||
| Indian Institute of Public Administration | Indian Institute of Public Administration | 2015-05-13 | Y1303x54 R145 | 86107 | 2018-07-21 | 2018-07-21 | Book |
